Y học hạt nhân Cơ sở và lâm sàng

সংরক্ষণ করুন:
গ্রন্থ-পঞ্জীর বিবরন
প্রধান লেখক: Phan Văn Duyệt
বিন্যাস: গ্রন্থ
ভাষা:Undetermined
প্রকাশিত: Hà Nội Y Học 2000
বিষয়গুলি:
ট্যাগগুলো: ট্যাগ যুক্ত করুন
কোনো ট্যাগ নেই, প্রথমজন হিসাবে ট্যাগ করুন!
Thư viện lưu trữ: Trung tâm Học liệu Trường Đại học Cần Thơ
LEADER 00513nam a2200181Ia 4500
001 CTU_39338
008 210402s9999 xx 000 0 und d
082 |a 616.0757 
082 |b D528 
100 |a Phan Văn Duyệt 
245 0 |a Y học hạt nhân 
245 0 |b Cơ sở và lâm sàng 
245 0 |c Phan Văn Duyệt 
260 |a Hà Nội 
260 |b Y Học 
260 |c 2000 
650 |a nuclear medicine,radiology, medical 
980 |a Trung tâm Học liệu Trường Đại học Cần Thơ